Cidades do Brasil com mais de 200 mil habitantes - Statistics

General Stats
  • This quiz has been taken 325 times
  • The average score is 51 of 152
Answer Stats
Hint Answer Hint % Correct
Rio de Janeiro Rio de Janeiro 6 211 223
98%
São Paulo São Paulo 11 451 999
98%
Distrito Federal Brasília 2 817 381
88%
Bahia Salvador 2 417 678
86%
Minas Gerais Belo Horizonte 2 315 560
85%
Ceará Fortaleza 2 428 708
83%
Paraná Curitiba 1 773 718
81%
Goiás Goiânia 1 437 366
81%
Amazonas Manaus 2 063 689
81%
Pará Belém 1 303 403
78%
Rio Grande do Sul Porto Alegre 1 332 845
78%
Pernambuco Recife 1 488 920
71%
Santa Catarina Florianópolis 537 211
70%
São Paulo Campinas 1 139 047
67%
Rio Grande do Norte Natal 751 300
66%
Espírito Santo Vitória 322 869
65%
Maranhão São Luís 1 037 775
64%
Paraíba João Pessoa 833 932
63%
São Paulo Guarulhos 1 291 771
62%
Alagoas Maceió 957 916
62%
Mato Grosso Cuiabá 650 877
61%
Mato Grosso do Sul Campo Grande 898 100
60%
São Paulo Santos 418 608
59%
Amapá Macapá 442 933
57%
Acre Rio Branco 364 756
57%
Piauí Teresina 866 300
56%
Minas Gerais Uberlândia 713 224
55%
Sergipe Aracaju 602 757
54%
Tocantins Palmas 302 692
53%
São Paulo Ribeirão Preto 698 642
53%
Paraná Londrina 555 965
52%
Rondônia Porto Velho 460 434
52%
Santa Catarina São José 270 299
52%
Rio de Janeiro Duque de Caxias 808 161
51%
Rio de Janeiro Niterói 481 749
50%
São Paulo Osasco 728 615
48%
Santa Catarina Joinville 616 317
47%
São Paulo Sorocaba 723 682
46%
Rio Grande do Sul Caxias do Sul 463 501
44%
São Paulo Santo André 748 919
44%
Roraima Boa Vista 413 486
43%
Paraná Maringá 409 657
43%
Minas Gerais Uberaba 337 836
41%
Minas Gerais Juiz de Fora 540 756
38%
Rio de Janeiro São Gonçalo 896 744
38%
São Paulo Jundiaí 443 221
37%
São Paulo São Bernardo do Campo 810 729
37%
São Paulo São José do Rio Preto 480 393
37%
Santa Catarina Blumenau 361 261
35%
Paraíba Campina Grande 419 379
35%
Paraná Cascavel 348 051
35%
Santa Catarina Chapecó 254 785
35%
São Paulo Diadema 393 237
35%
Paraná Foz do Iguaçu 285 415
35%
Rio Grande do Sul Pelotas 325 685
35%
Bahia Feira de Santana 616 272
34%
Pernambuco Olinda 349 976
34%
São Paulo Bauru 379 146
33%
Pernambuco Petrolina 386 791
33%
Rio de Janeiro Petrópolis 278 881
33%
Paraná Ponta Grossa 358 371
33%
Rio Grande do Sul Santa Maria 271 735
33%
Goiás Anápolis 398 869
32%
Minas Gerais Betim 411 846
32%
Santa Catarina Criciúma 214 493
32%
Bahia Juazeiro 237 821
32%
Rio de Janeiro Nova Iguaçu 785 867
32%
São Paulo São José dos Campos 697 054
31%
Rio de Janeiro Volta Redonda 261 563
31%
São Paulo Piracicaba 423 323
30%
São Paulo Praia Grande 349 935
30%
Espírito Santo Vila Velha 467 722
30%
São Paulo Guarujá 287 634
29%
São Paulo Presidente Prudente 225 668
28%
Pará Santarém 331 942
28%
Rio de Janeiro Belford Roxo 483 087
27%
São Paulo Mogi das Cruzes 451 505
27%
Espírito Santo Serra 520 653
27%
Bahia Vitória da Conquista 370 879
27%
São Paulo Araraquara 242 228
26%
São Paulo Franca 352 536
26%
São Paulo Limeira 291 869
26%
São Paulo Marília 237 627
26%
Minas Gerais Montes Claros 414 240
26%
São Paulo São Carlos 254 857
26%
São Paulo Barueri 316 473
25%
Rio de Janeiro Campos dos Goytacazes 483 540
25%
Minas Gerais Governador Valadares 257 171
25%
Minas Gerais Contagem 621 863
24%
Maranhão Imperatriz 273 110
24%
São Paulo Mauá 418 261
24%
São Paulo Suzano 307 429
24%
São Paulo Taubaté 310 739
23%
Goiás Aparecida de Goiânia 527 796
22%
Rio Grande do Sul Canoas 347 657
22%
Pernambuco Caruaru 378 048
22%
Santa Catarina Itajaí 264 054
22%
Pará Marabá 266 533
22%
Rio Grande do Norte Mossoró 264 577
22%
Paraná São José dos Pinhais 329 628
21%
Pará Ananindeua 478 778
20%
Rio de Janeiro Cabo Frio 222 161
20%
São Paulo Araçatuba 200 124
19%
Pernambuco Jaboatão dos Guararapes 644 037
19%
Rio de Janeiro Macaé 246 391
19%
Goiás Rio Verde 225 696
19%
São Paulo São Vicente 329 911
19%
Bahia Camaçari 300 372
18%
Rio Grande do Sul Novo Hamburgo 227 646
18%
Mato Grosso Rondonópolis 244 911
18%
São Paulo Americana 237 240
17%
São Paulo Cotia 274 413
17%
Mato Grosso do Sul Dourados 243 367
17%
Ceará Juazeiro do Norte 286 120
17%
São Paulo Taboão da Serra 273 542
17%
São Paulo Carapicuíba 386 984
16%
Espírito Santo Cariacica 353 491
16%
Minas Gerais Ipatinga 227 731
16%
São Paulo Itaquaquecetuba 369 275
16%
São Paulo Rio Claro 201 418
16%
Alagoas Arapiraca 234 696
15%
Pernambuco Paulista 342 167
15%
Ceará Sobral 203 023
15%
São Paulo Indaiatuba 255 748
14%
São Paulo Embu das Artes 250 691
13%
São Paulo Itapevi 232 297
13%
São Paulo Jacareí 240 275
13%
Rio de Janeiro Magé 228 127
13%
Minas Gerais Ribeirão das Neves 329 794
13%
Rio Grande do Sul São Leopoldo 217 409
13%
São Paulo Sumaré 279 545
13%
Mato Grosso Várzea Grande 300 078
13%
Ceará Caucaia 355 679
12%
Minas Gerais Divinópolis 231 091
12%
São Paulo Hortolândia 236 641
12%
Bahia Lauro de Freitas 203 331
12%
Santa Catarina Palhoça 222 598
12%
Rio Grande do Sul Passo Fundo 206 215
11%
Rio de Janeiro São João de Meriti 440 962
11%
Minas Gerais Sete Lagoas 227 397
11%
Paraná Colombo 232 212
10%
Rio Grande do Norte Parnamirim 252 716
10%
Rio Grande do Sul Gravataí 265 074
9%
Rio de Janeiro Itaboraí 224 267
9%
Goiás Luziânia 209 129
9%
Ceará Maracanaú 234 509
9%
Rio Grande do Sul Viamão 224 112
9%
Goiás Águas Lindas de Goiás 225 693
7%
Pernambuco Cabo de Santo Agostinho 203 440
7%
Pará Parauapebas 267 836
7%
Minas Gerais Santa Luzia 219 132
7%
Maranhão São José de Ribamar 244 579
4%
No matching quizzes found
Score Distribution
Percent of People with Each Score
Percentile by Number Answered
Your Score History
You have not taken this quiz